Nước Đức thế kỷ thứ XIX : Những thành tựu khoa học và kỹ thuật /

Nước Đức thời kỳ cải cách và công nghiệp hóa; Cuộc cải cách giáo dục, hệ thống đại học và những thành tựu khoa học, kỹ thuật thế kỷ 19; Biên niên sử các phát minh và sáng chế lớn.

Đã lưu trong:
Bibliografiske detaljer
Hovedforfatter: Nguyễn Xuân Xanh, Dr.
Format: Bog
Sprog:Vietnamese
Udgivet: Tp.HCM : Nxb. Tổng hợp TpHCM ; Thời báo Kinh tế Sài Gòn ; Trung tâm Kinh tế Châu Á - Thái Binh Dương, 2004.
Fag:
Tags: Tilføj Tag
Ingen Tags, Vær først til at tagge denne postø!
Thư viện lưu trữ: Mạng thư viện Đại học Đà Nẵng
LEADER 01586cam a2200385 a 4500
001 000044925
003 3771
005 20060512095045.0
008 010220b2004 vm 000 vie
020 |c 36000 
041 0 |a vie 
082 1 4 |a 609.43  |b NG-X 
100 1 |a Nguyễn Xuân Xanh,  |c Dr. 
245 1 0 |a Nước Đức thế kỷ thứ XIX :  |b Những thành tựu khoa học và kỹ thuật /  |c Nguyễn Xuân Xanh. 
260 |a Tp.HCM :  |b Nxb. Tổng hợp TpHCM ; Thời báo Kinh tế Sài Gòn ; Trung tâm Kinh tế Châu Á - Thái Binh Dương,  |c 2004. 
300 |a 199 tr. ;  |c 20 cm. 
520 3 |a Nước Đức thời kỳ cải cách và công nghiệp hóa; Cuộc cải cách giáo dục, hệ thống đại học và những thành tựu khoa học, kỹ thuật thế kỷ 19; Biên niên sử các phát minh và sáng chế lớn. 
630 0 4 |a Nước Đức. 
630 0 4 |a Khoa học. 
630 0 4 |a Kỹ thuật. 
650 0 4 |a Nước Đức  |y Thế kỷ 19. 
650 0 4 |a Khoa học kỹ thuật  |z Việt Nam  |y Thế kỷ 19. 
OWN |a DUT 
AVA |a UDN50  |b DUT  |c Book  |d 609.43 NG-X  |e available  |t Error 5001 Not defined in file expand_doc_bib_avail.  |f 3  |g 0  |h N  |i 0  |j SH  |k 1 
999 |a From the UDN01 
AVA |a UDN50  |b DUT  |c Book  |d 609.43 NG-X  |e available  |t Error 5001 Not defined in file expand_doc_bib_avail.  |f 3  |g 0  |h N  |i 0  |j SH  |k 1 
TYP |a Monograph 
TYP |a Printed language 
980 |a Mạng thư viện Đại học Đà Nẵng